[Event "Rochefort Accession 2019"]
[Site "Palais des Congrès"]
[Date "2019.02.16"]
[Round "1.1"]
[White "Bordas, Laurent"]
[Black "Oriot, Patrice"]
[Result "1/2-1/2"]
[WhiteElo "1493"]
[BlackElo "1969"]
[PlyCount "83"]
[EventDate "2019.??.??"]
[WhiteTeam "Bordeaux ASPOM Echecs"]
[BlackTeam "Echiquier Commingeois"]

1. d4 e6 2. e4 c5 3. Nf3 cxd4 4. Nxd4 Nc6 5. Nxc6 bxc6 6. Bd3 d5 7. exd5 exd5
8. O-O Nf6 9. Re1+ Be7 10. Qe2 Be6 11. c4 O-O 12. cxd5 cxd5 13. Nc3 Re8 14. Bb5
Rf8 15. Bf4 Bc5 16. h3 Qb6 17. a4 a6 18. Bd3 Rfe8 19. Qf3 Bd4 20. Rab1 Rac8 21.
Bg5 Nd7 22. Nxd5 Bxf2+ 23. Qxf2 Qxf2+ 24. Kxf2 Bxd5 25. Rxe8+ Rxe8 26. Bxa6 Ra8
27. Bb5 Nc5 28. Be3 Nxa4 29. Ra1 Bb3 30. Ra3 Bc2 31. b3 Nb6 32. Rxa8+ Nxa8 33.
b4 Be4 34. Bc4 Bb7 35. b5 Nc7 36. Ba7 Nd5 37. g3 Nf6 38. Bd3 g6 39. Bd4 Ne4+
40. Bxe4 Bxe4 41. Ke3 Bg2 42. h4 1/2-1/2

[Event "Rochefort Accession 2019"]
[Site "Palais des Congrès"]
[Date "2019.02.16"]
[Round "1.2"]
[White "Matei, Adrian"]
[Black "Diez, Agathe"]
[Result "1-0"]
[WhiteElo "1927"]
[BlackElo "1493"]
[PlyCount "89"]
[EventDate "2019.??.??"]
[BlackTeam "AGJA-Echiquier Aquitaine"]

1. e4 e5 2. Nf3 Nc6 3. Bc4 Bc5 4. c3 Nf6 5. d3 d6 6. Bb3 O-O 7. O-O Be6 8. Be3
Bb6 9. Re1 Qd7 10. Bxb6 axb6 11. d4 exd4 12. Nxd4 Bxb3 13. Qxb3 Rfe8 14. Nd2
Ne5 15. c4 Qa4 16. Qc3 Qa5 17. b4 Qa3 18. N2b3 Nc6 19. Nc2 Qa4 20. f3 Ne5 21.
a3 Qd7 22. Rad1 Qe6 23. c5 bxc5 24. bxc5 dxc5 25. Nxc5 Qc6 26. Nd4 Qd6 27. Nde6
Nxf3+ 28. gxf3 Qb6 29. Rb1 Qc6 30. Nd4 Qd6 31. Rxb7 Ra5 32. Qxa5 Qxd4+ 33. Kf1
Qc4+ 34. Re2 Qc1+ 35. Kf2 Qf4 36. Kg2 Qg5+ 37. Kh1 Qc1+ 38. Re1 Qf4 39. Qc3 Nh5
40. Rg1 g6 41. Rb3 Qh4 42. Qe1 Qf6 43. Qe3 Nf4 44. Nd7 Qd6 45. e5 1-0

[Event "Rochefort Accession 2019"]
[Site "Palais des Congrès"]
[Date "2019.02.12"]
[Round "1.3"]
[White "Philippeau, Sylvain"]
[Black "Neau, Julien"]
[Result "0-1"]
[WhiteElo "1493"]
[BlackElo "1910"]
[PlyCount "76"]
[EventDate "2019.??.??"]
[WhiteTeam "MJC Chécy"]
[BlackTeam "Poitiers-Migne Echecs"]

1. d4 Nf6 2. c4 g6 3. Nf3 Bg7 4. Nc3 O-O 5. e4 d6 6. Be2 e5 7. dxe5 dxe5 8.
Qxd8 Rxd8 9. O-O c6 10. h3 Nbd7 11. Rd1 Re8 12. Be3 Bf8 13. a3 a5 14. Nd2 a4
15. Bd3 Bc5 16. Bxc5 Nxc5 17. Bc2 Be6 18. b4 axb3 19. Nxb3 Nxb3 20. Bxb3 b5 21.
f3 Red8 22. Rxd8+ Rxd8 23. Rd1 Rd4 24. Ne2 Rxd1+ 25. Bxd1 Bxc4 26. Nc1 Kf8 27.
Kf2 Ke7 28. Bb3 Bxb3 29. Nxb3 Kd6 30. g4 Nd7 31. Ke2 c5 32. Kd1 c4 33. Nd2 Kc5
34. Kc2 Kd4 35. Nf1 Nc5 36. Nd2 c3 37. Nb1 Na4 38. h4 h6 0-1

[Event "Rochefort Accession 2019"]
[Site "Palais des Congrès"]
[Date "2019.02.16"]
[Round "1.4"]
[White "Delabbey, Florian"]
[Black "Rouqual, Guy"]
[Result "1-0"]
[WhiteElo "1902"]
[BlackElo "1491"]
[PlyCount "81"]
[EventDate "2019.??.??"]
[WhiteTeam "Club d'Echecs de Marennes-Oleron"]
[BlackTeam "Cahors Echecs"]

1. d4 d5 2. c4 e6 3. cxd5 exd5 4. Nc3 c6 5. Nf3 Bg4 6. Ne5 Bh5 7. Qc2 Nd7 8.
Qf5 Ngf6 9. Nxd7 Qxd7 10. Qe5+ Qe7 11. Bf4 Qxe5 12. Bxe5 Nd7 13. Bf4 Be7 14. e3
O-O 15. Bd3 Rfe8 16. O-O Nf8 17. Rab1 Bg6 18. Bxg6 Nxg6 19. Bg3 Bh4 20. b4 Bxg3
21. hxg3 b5 22. Rfc1 Re6 23. Ne2 a5 24. a3 axb4 25. axb4 Ra6 26. Ra1 Rxa1 27.
Rxa1 h5 28. Ra7 f5 29. Nc1 Re7 30. Ra6 Rc7 31. Nd3 Kf7 32. Kf1 Ke6 33. Ke2 Kd6
34. Kf3 Rc8 35. Nf4 Nxf4 36. Kxf4 Rf8 37. Kg5 Rf6 38. Ra7 Rf8 39. Kg6 Ke6 40.
Kxg7 Rf6 41. Rc7 1-0

[Event "Rochefort Accession 2019"]
[Site "Palais des Congrès"]
[Date "2019.02.16"]
[Round "1.5"]
[White "Bezy, Bernard"]
[Black "Banana, Adnane"]
[Result "0-1"]
[WhiteElo "1488"]
[BlackElo "1861"]
[PlyCount "83"]
[EventDate "2019.??.??"]
[WhiteTeam "Echiquier Quévenois"]
[BlackTeam "Bordeaux ASPOM Echecs"]

1. c4 e5 2. Nc3 Nc6 3. g3 Nf6 4. Bg2 Bc5 5. e3 d6 6. Nf3 a6 7. a3 Bg4 8. d3 Qd7
9. b4 Bb6 10. Qc2 O-O 11. Bb2 Rad8 12. Nd5 Nxd5 13. cxd5 Ne7 14. e4 Bh3 15. O-O
Bxg2 16. Kxg2 h6 17. Rfd1 f5 18. Qe2 fxe4 19. dxe4 Rf7 20. Rd3 Rdf8 21. h3 g5
22. Rf1 Ng6 23. Bc1 Kh7 24. Bxg5 Rxf3 25. Rxf3 Rxf3 26. Qxf3 hxg5 27. Qh5+ Kg7
28. Qxg5 Qe7 29. Qxe7+ Nxe7 30. f4 exf4 31. Rxf4 Ng6 32. Rf3 Ne5 33. Rc3 c5 34.
g4 c4 35. Kg3 Bd4 36. Rc2 b5 37. h4 c3 38. Kf4 Nc4 39. Ra2 Nb2 40. Ra1 c2 41.
Kf5 Nd3 42. Ke6 0-1

[Event "Rochefort Accession 2019"]
[Site "Palais des CongrÃ¨s"]
[Date "2019.02.17"]
[Round "2.1"]
[White "Violleau, Jean-Claude"]
[Black "Matei, Adrian"]
[Result "1/2-1/2"]
[WhiteElo "1634"]
[BlackElo "1927"]
[PlyCount "72"]
[EventDate "2019.??.??"]
[WhiteTeam "Tour Blanche Echecs"]

1. e4 c5 2. Nf3 d6 3. d4 cxd4 4. Nxd4 Nf6 5. Nc3 a6 6. Be2 e6 7. Be3 Be7 8. O-O
Nc6 9. a3 Bd7 10. Kh1 Qc7 11. Qd2 Ne5 12. f3 Nc4 13. Bxc4 Qxc4 14. Rfd1 O-O 15.
Nde2 Rfd8 16. Ng3 Be8 17. Bg5 h6 18. Bxh6 gxh6 19. Qxh6 Qc5 20. Rd5 exd5 21.
Nf5 Bf8 22. Qxf6 Bd7 23. Qg5+ Kh8 24. Nh6 Kh7 25. Nxd5 Qxd5 26. Qxd5 Bxh6 27.
Qxf7+ Bg7 28. Rd1 Be8 29. Qd5 b5 30. c3 Rac8 31. Qd3 Bg6 32. Qd5 Rc5 33. Qe6
Re5 34. Qh3+ Rh5 35. Qe6 Re5 36. Qh3+ Rh5 1/2-1/2

[Event "Rochefort Accession 2019"]
[Site "Palais des CongrÃ¨s"]
[Date "2019.02.16"]
[Round "2.2"]
[White "Neau, Julien"]
[Black "Dalmard, Alban"]
[Result "1-0"]
[WhiteElo "1910"]
[BlackElo "1630"]
[PlyCount "101"]
[EventDate "2019.??.??"]
[WhiteTeam "Poitiers-Migne Echecs"]
[BlackTeam "Echiquier Rochefortais"]

1. Nf3 c5 2. g3 g6 3. Bg2 Bg7 4. O-O Nf6 5. d3 d5 6. Nbd2 O-O 7. e4 Nc6 8. c3
Be6 9. Ng5 Bg4 10. f3 Bd7 11. f4 d4 12. cxd4 Nxd4 13. Nc4 Bg4 14. Nf3 Nd7 15.
Ne3 Nxf3+ 16. Bxf3 Bxf3 17. Qxf3 Nb6 18. Rd1 Bd4 19. Kg2 Qd7 20. Nc4 Qb5 21.
Qe2 Rfd8 22. Rb1 Qa4 23. b3 Qa6 24. a4 Rd7 25. Bb2 Rad8 26. Bxd4 Rxd4 27. Nxb6
axb6 28. Rb2 Qa5 29. Qd2 Qa6 30. Qe2 b5 31. Rc2 b6 32. axb5 Qxb5 33. Rc3 Qb4
34. Qc2 Ra8 35. Rc4 Qa3 36. Rxd4 cxd4 37. Kh3 Qd6 38. Qc4 Ra5 39. Qc8+ Kg7 40.
Rc1 Rh5+ 41. Kg2 Qb4 42. Rc2 Ra5 43. Qd8 e5 44. f5 Qxb3 45. Rc8 Qb4 46. Qh8+
Kh6 47. fxg6 fxg6 48. Rc7 Qd2+ 49. Kh3 Kh5 50. Rxh7+ Kg5 51. Qd8# 1-0

[Event "Rochefort Accession 2019"]
[Site "Palais des CongrÃ¨s"]
[Date "2019.02.16"]
[Round "2.3"]
[White "Quiniou, Jean"]
[Black "Delabbey, Florian"]
[Result "0-1"]
[WhiteElo "1633"]
[BlackElo "1902"]
[PlyCount "75"]
[EventDate "2019.??.??"]
[WhiteTeam "Echiquier Soissonnais"]
[BlackTeam "Club d'Echecs de Marennes-Oleron"]

1. e4 c5 2. Nf3 Nc6 3. d3 g6 4. g3 Bg7 5. Bg2 d6 6. O-O e6 7. Nbd2 Rb8 8. a4 a6
9. c3 Nge7 10. Re1 O-O 11. Nf1 d5 12. exd5 Nxd5 13. Ne3 Nce7 14. Qc2 b5 15.
axb5 axb5 16. Nxd5 Nxd5 17. Ne5 Bb7 18. h4 Qd6 19. Qe2 Rfd8 20. h5 Nf6 21. Bxb7
Rxb7 22. hxg6 hxg6 23. Bg5 Rc8 24. Ra2 Nd5 25. Bh4 g5 26. Bxg5 f6 27. Ng6 fxg5
28. Qh5 Bf6 29. Qe2 Rg7 30. Ne5 Bxe5 31. Qxe5 Qxe5 32. Rxe5 Rc6 33. Ra8+ Kf7
34. Ra7+ Nc7 35. d4 cxd4 36. Rxb5 Kf6 37. Rbb7 dxc3 38. bxc3 0-1

[Event "Rochefort Accession 2019"]
[Site "Palais des CongrÃ¨s"]
[Date "2019.02.16"]
[Round "2.4"]
[White "Banana, Adnane"]
[Black "Dimpre, Alexis"]
[Result "1/2-1/2"]
[WhiteElo "1861"]
[BlackElo "1624"]
[PlyCount "94"]
[EventDate "2019.??.??"]
[WhiteTeam "Bordeaux ASPOM Echecs"]
[BlackTeam "L'Echiquier Angevin"]

1. e4 c5 2. Nf3 d6 3. d4 cxd4 4. Nxd4 Nf6 5. Nc3 a6 6. Bg5 e6 7. f4 b5 8. a3
Be7 9. Be2 Bb7 10. Bf3 Qc7 11. O-O Nbd7 12. Kh1 O-O 13. Qe2 Nb6 14. e5 Nfd5 15.
Nxd5 Bxd5 16. Bxd5 Nxd5 17. exd6 Qxd6 18. Bxe7 Nxe7 19. Rad1 Qc7 20. Nxe6 fxe6
21. Qxe6+ Rf7 22. Rd7 Qc4 23. Qe1 Nd5 24. b3 Qc6 25. Rxf7 Kxf7 26. Qe5 Nf6 27.
c3 Rc8 28. Rc1 Qe6 29. Qd4 Qxb3 30. Qa7+ Kg6 31. f5+ Kg5 32. Qe3+ Kh5 33. Qf3+
Kh6 34. Qh3+ Kg5 35. Qg3+ Kh6 36. h4 g6 37. Qg5+ Kg7 38. fxg6 hxg6 39. Rf1 Rf8
40. h5 Nxh5 41. Rxf8 Kxf8 42. Qxg6 Qf7 43. Qxa6 Qf1+ 44. Kh2 Qf4+ 45. Kg1 Qe3+
46. Kh2 Qf4+ 47. Kg1 Qe3+ 1/2-1/2

[Event "Rochefort Accession 2019"]
[Site "Palais des CongrÃ¨s"]
[Date "2019.02.16"]
[Round "2.5"]
[White "Tourneur, Cloe"]
[Black "Pascal, Jonathan"]
[Result "0-1"]
[WhiteElo "1629"]
[BlackElo "1859"]
[PlyCount "58"]
[EventDate "2019.??.??"]
[WhiteTeam "Echiquier Surgerien"]
[BlackTeam "Poitiers-Migne Echecs"]

1. e4 c5 2. Nf3 e6 3. d4 cxd4 4. Nxd4 a6 5. Nc3 Qc7 6. Bg5 d6 7. f4 Be7 8. Bxe7
Nxe7 9. Qf3 O-O 10. Be2 Nbc6 11. Nb3 b5 12. O-O b4 13. Nd1 d5 14. e5 Nf5 15.
Bd3 Ncd4 16. Nxd4 Nxd4 17. Qh5 g6 18. Qh6 Nxc2 19. Bxc2 Qxc2 20. Rf3 f5 21. h4
Ra7 22. h5 Rg7 23. Rf2 Qc5 24. Kh2 d4 25. Rf1 Bb7 26. Rg1 Qc2 27. hxg6 Rxg6 28.
Qh3 Kg7 29. b3 Rh6 0-1

[Event "Rochefort Accession 2019"]
[Site "Palais des CongrÃ¨s"]
[Date "2019.02.16"]
[Round "3.1"]
[White "Barbotte, Jeanne"]
[Black "Neau, Julien"]
[Result "0-1"]
[WhiteElo "1679"]
[BlackElo "1910"]
[PlyCount "56"]
[EventDate "2019.??.??"]
[WhiteTeam "Echiquier Niortais"]
[BlackTeam "Poitiers-Migne Echecs"]

1. e4 g6 2. d4 d6 3. Nc3 Nf6 4. f4 Bg7 5. Nf3 O-O 6. Bd3 Na6 7. O-O c5 8. d5
Bg4 9. Qe1 Nb4 10. a3 Nxd3 11. cxd3 a6 12. Nh4 Bc8 13. f5 b5 14. Qg3 b4 15.
axb4 cxb4 16. Ne2 Nh5 17. Qf3 e6 18. dxe6 Qxh4 19. g3 Qe7 20. g4 fxe6 21. gxh5
exf5 22. exf5 Bb7 23. Qg4 Rae8 24. Ng3 Qe5 25. Bf4 Qxb2 26. Ne4 Rxe4 27. dxe4
Bd4+ 28. Kh1 Bxe4+ 0-1

[Event "Rochefort Accession 2019"]
[Site "Palais des CongrÃ¨s"]
[Date "2019.02.16"]
[Round "3.2"]
[White "Pascal, Jonathan"]
[Black "Louassier, Cedric"]
[Result "1/2-1/2"]
[WhiteElo "1859"]
[BlackElo "1670"]
[PlyCount "181"]
[EventDate "2019.??.??"]
[WhiteTeam "Poitiers-Migne Echecs"]
[BlackTeam "Echiquier Surgerien"]

1. e4 c5 2. Nf3 d6 3. d4 cxd4 4. Nxd4 Nf6 5. Nc3 a6 6. Bg5 e5 7. Nf5 Bxf5 8.
exf5 Be7 9. Bc4 Nbd7 10. O-O O-O 11. Bxf6 Nxf6 12. g4 Rc8 13. Bb3 h6 14. Re1
Qc7 15. Qf3 Qc6 16. Bd5 Nxd5 17. Nxd5 Bf6 18. c3 Rfe8 19. Rad1 Bg5 20. Qg3 Qc4
21. Nb6 Qxa2 22. Nxc8 Rxc8 23. Re2 Rc6 24. Qf3 Rb6 25. Qd5 Qxd5 26. Rxd5 Kf8
27. Kg2 Ke7 28. Kf3 Bc1 29. b4 Rc6 30. Rd3 Bf4 31. h3 Kd7 32. Kg2 Kc7 33. Re4
b5 34. Kf1 Kb6 35. Ke2 Kc7 36. Kd1 Kb7 37. Kc2 Kc7 38. Kb3 Kb6 39. Rd5 Kc7 40.
c4 Kb6 41. cxb5 axb5 42. Re2 Bg5 43. Ra2 Bh4 44. Rdd2 Kb7 45. Ra5 Rb6 46. Kc2
Be7 47. Kd1 d5 48. Rxd5 Kc6 49. Rxe5 Bxb4 50. Ra7 Bc3 51. Ree7 b4 52. Kc2 Bf6
53. Rec7+ Kd5 54. Kb3 Ke4 55. Rc4+ Kf3 56. Rxb4 Rxb4+ 57. Kxb4 Kxf2 58. Ra2+
Kg3 59. Ra3+ Kh4 60. Kc4 h5 61. gxh5 Kxh5 62. Kd5 Kg5 63. Ke4 Bb2 64. Ra7 Kf6
65. Kf4 Be5+ 66. Kg4 Bc3 67. h4 Bd2 68. h5 Bc1 69. Ra6+ Ke7 70. Kf3 Bg5 71. Kg4
Bd2 72. f6+ gxf6 73. Kf5 Bg5 74. Ra8 Bh6 75. Ra7+ Kf8 76. Kxf6 Bg7+ 77. Kg5 Kg8
78. h6 Bc3 79. Kh5 Bb2 80. Ra2 Bd4 81. Rg2+ Kh7 82. Re2 Bc5 83. Re8 Bb4 84. Rb8
Bc5 85. Rb7 Kg8 86. h7+ Kxh7 87. Rxf7+ Kg8 88. Kg6 Bg1 89. Kf6 Bd4+ 90. Ke6 Be3
91. Rd7 1/2-1/2

[Event "Rochefort Accession 2019"]
[Site "Palais des CongrÃ¨s"]
[Date "2019.02.16"]
[Round "3.3"]
[White "Detanoy, Fabrice"]
[Black "Alashtar, Aasef"]
[Result "0-1"]
[WhiteElo "1673"]
[BlackElo "1857"]
[PlyCount "64"]
[EventDate "2019.??.??"]
[WhiteTeam "Echiquier Club CrÃ©onnais"]
[BlackTeam "Bordeaux ASPOM Echecs"]

1. e4 b6 2. d4 Bb7 3. Bd3 e6 4. Bf4 d5 5. e5 c5 6. c3 Nc6 7. Nf3 h6 8. O-O Qc7
9. Na3 a6 10. Qe2 Nge7 11. b4 cxb4 12. cxb4 Nxb4 13. Rac1 Nec6 14. Bb1 b5 15.
Qb2 Qa5 16. Rc3 Na7 17. Bd2 Qb6 18. Rfc1 Nbc6 19. Nc2 Na5 20. Ne3 Rb8 21. R3c2
N5c6 22. a3 Be7 23. Nf1 Na5 24. Bb4 Nc4 25. Qb3 Nc6 26. Qc3 a5 27. Bxe7 Kxe7
28. Ne3 Ba6 29. Nxc4 dxc4 30. Ba2 Rhd8 31. Rd2 b4 32. axb4 axb4 0-1

[Event "Rochefort Accession 2019"]
[Site "Palais des CongrÃ¨s"]
[Date "2019.02.17"]
[Round "3.4"]
[White "Maruejols, Claude"]
[Black "Couchet, Renaud"]
[Result "1-0"]
[WhiteElo "1857"]
[BlackElo "1661"]
[Annotator "chris"]
[PlyCount "107"]
[EventDate "2019.??.??"]
[WhiteTeam "L'Echiquier du Roy RenÃ©"]
[BlackTeam "Cercle d'Echecs de Nantes"]

1. d4 d5 2. c4 dxc4 3. Nf3 Nf6 4. e3 e6 5. Bxc4 c5 6. O-O a6 7. Bb3 b5 8. a4
Bb7 9. Qe2 Qb6 10. Nbd2 Nc6 11. Rd1 Be7 12. Bc2 cxd4 13. exd4 Nxd4 14. Nxd4
Qxd4 15. Ne4 Qb4 16. Bd2 Qc4 17. Bd3 Qd5 18. f3 Qh5 19. Ng3 Qh4 20. axb5 O-O
21. bxa6 Bd5 22. Be1 Bd6 23. Nf1 Qg5 24. Rdc1 Nh5 25. g3 Nf4 26. Qe3 Nh3+ 27.
Kg2 Nf4+ 28. Kh1 Nh3 29. Be2 Rfc8 30. Bc3 Qxe3 31. Nxe3 Nf2+ 32. Kg2 Nd1 33.
Rxd1 Bb4 34. Be5 (34. Bd4 Rd8 35. Nxd5 exd5) 34... Rd8 35. Nxd5 Rxd5 36. Rxd5
exd5 37. Bd4 f6 38. a7 Bd6 39. Bb5 Bb8 40. axb8=Q+ Rxb8 41. Bc6 Rd8 42. b4 Kf7
43. b5 Ke6 44. Bc5 d4 45. Kf2 d3 46. Ke1 d2+ 47. Kd1 Rd3 48. b6 Rc3 49. b7 Rxc5
50. b8=Q Rxc6 51. Kxd2 Rd6+ 52. Ke3 Ke7 53. Qg8 Re6+ 54. Kf2 1-0

[Event "Rochefort Accession 2019"]
[Site "Palais des CongrÃ¨s"]
[Date "2019.02.17"]
[Round "3.5"]
[White "Roche, Philippe"]
[Black "Boursier, Xavier"]
[Result "1-0"]
[WhiteElo "1643"]
[BlackElo "1806"]
[PlyCount "57"]
[EventDate "2019.??.??"]
[WhiteTeam "Bordeaux ASPOM Echecs"]
[BlackTeam "Aile Roi Louviers"]

1. e4 e6 2. d4 d5 3. Nd2 Nf6 4. e5 Nfd7 5. Bd3 c5 6. c3 Nc6 7. Ne2 cxd4 8. cxd4
f6 9. exf6 Nxf6 10. O-O Bd6 11. Nf3 O-O 12. Bg5 Bd7 13. Rc1 Qe8 14. a3 e5 15.
dxe5 Nxe5 16. Nxe5 Bxe5 17. Nc3 Bxh2+ 18. Kxh2 Ng4+ 19. Kg3 Qb8+ 20. f4 Ne3 21.
Qh5 Nxf1+ 22. Rxf1 Bf5 23. Bxf5 Rxf5 24. Qg4 Qf8 25. Re1 g6 26. Re5 d4 27. Nd5
Rxe5 28. fxe5 Qc5 29. Qe6+ 1-0

[Event "Rochefort Accession 2019"]
[Site "Palais des CongrÃ¨s"]
[Date "2019.02.17"]
[Round "4.1"]
[White "Neau, Julien"]
[Black "Maugin, Narada"]
[Result "1-0"]
[WhiteElo "1910"]
[BlackElo "1782"]
[PlyCount "99"]
[EventDate "2019.??.??"]
[WhiteTeam "Poitiers-Migne Echecs"]
[BlackTeam "L'Echiquier Angevin"]

1. Nf3 b6 2. g3 Bb7 3. Bg2 g6 4. O-O Bg7 5. d3 Nf6 6. Nbd2 O-O 7. c3 c5 8. Qc2
Qc7 9. e4 d5 10. Re1 e5 11. b3 Nbd7 12. Bb2 Rfe8 13. Re2 Rad8 14. exd5 Nxd5 15.
Rae1 a6 16. a3 b5 17. d4 cxd4 18. Nxd4 N5f6 19. N4f3 Rc8 20. Qb1 h6 21. c4 e4
22. Nd4 bxc4 23. Nxc4 Nc5 24. Rd1 Rcd8 25. Red2 Nd3 26. Bc3 Qc5 27. Rxd3 exd3
28. Bxb7 Rxd4 29. Bxd4 Qxd4 30. Rxd3 Re1+ 31. Qxe1 Qxd3 32. Qe3 Qf5 33. Bxa6
Nd5 34. Qe8+ Kh7 35. Ne3 Qb1+ 36. Bf1 Nc3 37. Qxf7 Ne2+ 38. Kg2 Nd4 39. Bc4 h5
40. Qg8+ Kh6 41. Qd5 Nf5 42. Nxf5+ Qxf5 43. Qxf5 gxf5 44. Kf3 Bb2 45. a4 Be5
46. b4 Kg5 47. Ke3 Kf6 48. Kd3 f4 49. Ke4 fxg3 50. hxg3 1-0

[Event "Rochefort Accession 2019"]
[Site "Palais des CongrÃ¨s"]
[Date "2019.02.16"]
[Round "4.2"]
[White "Alashtar, Aasef"]
[Black "Rocq, Christian"]
[Result "1-0"]
[WhiteElo "1857"]
[BlackElo "1748"]
[PlyCount "69"]
[EventDate "2019.??.??"]
[WhiteTeam "Bordeaux ASPOM Echecs"]
[BlackTeam "AytrÃ© - La Rochelle Echecs"]

1. b3 Nf6 2. Bb2 g6 3. e4 d6 4. Nc3 Bg7 5. d4 c6 6. Bd3 d5 7. e5 Ng8 8. f4 Nh6
9. h3 Bf5 10. g4 Bxd3 11. Qxd3 Na6 12. Nf3 Nb4 13. Qe2 e6 14. a3 Na6 15. O-O-O
Qd7 16. Ng5 O-O-O 17. Na4 Bf8 18. Kb1 Qc7 19. b4 Ng8 20. Rhf1 h6 21. Nf3 Ne7
22. Qd3 Kb8 23. Ne1 h5 24. Ng2 hxg4 25. hxg4 Ka8 26. Qf3 Bh6 27. Rh1 Bg7 28.
Ne3 Nb8 29. f5 Bh6 30. fxe6 fxe6 31. Nc5 Qc8 32. Qf7 Bxe3 33. Qxe7 Rhe8 34. Qf7
b6 35. Rh7 1-0

[Event "Rochefort Accession 2019"]
[Site "Palais des CongrÃ¨s"]
[Date "2019.02.16"]
[Round "4.3"]
[White "Diez, Ambre"]
[Black "Maruejols, Claude"]
[Result "1-0"]
[WhiteElo "1743"]
[BlackElo "1857"]
[PlyCount "69"]
[EventDate "2019.??.??"]
[WhiteTeam "AGJA-Echiquier Aquitaine"]
[BlackTeam "L'Echiquier du Roy RenÃ©"]

1. Nf3 Nf6 2. g3 g6 3. Bg2 Bg7 4. O-O d5 5. d4 O-O 6. c3 c5 7. dxc5 Nbd7 8. b4
a5 9. Bb2 Qc7 10. Nbd2 b6 11. cxb6 Nxb6 12. Rc1 Ba6 13. a3 Rfd8 14. Re1 Bb5 15.
Qc2 Ba4 16. Qb1 Bh6 17. e3 Rac8 18. Nd4 e5 19. N4b3 Bxb3 20. Nxb3 Nc4 21. Qc2
Bf8 22. Bf1 axb4 23. cxb4 Qe7 24. Bxc4 Rxc4 25. Qe2 Qe6 26. Na5 Rcc8 27. Kg2
Ne4 28. h4 Bh6 29. f3 Nf6 30. Nb7 Re8 31. Nc5 Qd6 32. g4 Bg7 33. Nb7 Qe6 34.
Rxc8 Qxc8 35. Nd6 1-0

[Event "Rochefort Accession 2019"]
[Site "Palais des CongrÃ¨s"]
[Date "2019.02.16"]
[Round "4.4"]
[White "Lheritier, Boris"]
[Black "Roche, Philippe"]
[Result "1/2-1/2"]
[WhiteElo "1796"]
[BlackElo "1643"]
[PlyCount "82"]
[EventDate "2019.??.??"]
[WhiteTeam "Echiquier VÃ©sulien"]
[BlackTeam "Bordeaux ASPOM Echecs"]

1. e4 c5 2. Nf3 d6 3. d4 cxd4 4. Nxd4 Nf6 5. Nc3 a6 6. Bc4 b5 7. Bb3 Bb7 8. Qe2
e6 9. Bg5 Be7 10. Bxe6 fxe6 11. Nxe6 Qd7 12. Nxg7+ Kd8 13. Nf5 Rg8 14. f4 Rxg5
15. fxg5 Nxe4 16. O-O Nxc3 17. bxc3 Nc6 18. Rad1 Ne5 19. Nxe7 Kxe7 20. Qxe5+
dxe5 21. Rf7+ Kxf7 22. Rxd7+ Kg6 23. Rxb7 Rc8 24. Rb6+ Kxg5 25. Rxa6 Rxc3 26.
Ra5 Rxc2 27. Rxb5 Kf4 28. g3+ Kf3 29. Rb3+ Ke2 30. Rb4 Rxa2 31. Kg2 Ke3+ 32.
Kh3 e4 33. Kg4 Kd3 34. Rb3+ Ke2 35. Kf4 Kf1 36. h4 Kg2 37. g4 Re2 38. g5 Kf2
39. h5 e3 40. g6 hxg6 41. hxg6 Re1 1/2-1/2

[Event "Rochefort Accession 2019"]
[Site "Palais des CongrÃ¨s"]
[Date "2019.02.16"]
[Round "4.5"]
[White "Garnier, Bastien"]
[Black "Boudart, Alain"]
[Result "1/2-1/2"]
[WhiteElo "1575"]
[BlackElo "1793"]
[PlyCount "107"]
[EventDate "2019.??.??"]
[WhiteTeam "La Tour de Germanicus"]
[BlackTeam "Echiquier Tourangeau"]

1. f4 d5 2. Nf3 Nc6 3. e3 Bg4 4. h3 Bxf3 5. Qxf3 e6 6. a3 Bd6 7. Nc3 a6 8. d3
g6 9. Bd2 Qd7 10. Be2 Nge7 11. g4 O-O-O 12. b4 Na7 13. d4 b5 14. Nd1 c6 15. Nb2
h5 16. h4 hxg4 17. Qxg4 Rdg8 18. Kf2 Nf5 19. Bd3 Be7 20. Bxf5 gxf5 21. Qf3
Bxh4+ 22. Ke2 Qd8 23. Rh3 Be7 24. Rah1 Rxh3 25. Qxh3 Bf6 26. Nd3 Kc7 27. a4 Nc8
28. Nc5 Kb6 29. a5+ Ka7 30. Qf3 Nd6 31. Rh7 Qe8 32. Qh3 Ne4 33. Nxe4 fxe4 34.
Be1 Rh8 35. Rxh8 Qxh8 36. Qxh8 Bxh8 37. Bh4 Kb7 38. Kf2 Kc8 39. Kg3 Kd7 40. Kg4
Ke8 41. Kh5 Bg7 42. c3 Kf8 43. Kg5 Kg8 44. Kh5 Kh7 45. Bd8 Bh8 46. Bh4 Kg7 47.
Kg5 f6+ 48. Kh5 Kf7 49. Bg3 Bg7 50. Bh2 Bf8 51. Bg3 Bg7 52. Bh2 f5 53. Kg5 Bf6+
54. Kh5 1/2-1/2

[Event "Rochefort Accession 2019"]
[Site "Palais des CongrÃ¨s"]
[Date "2019.02.20"]
[Round "5.1"]
[White "Alashtar, Aasef"]
[Black "Neau, Julien"]
[Result "1-0"]
[WhiteElo "1857"]
[BlackElo "1910"]
[PlyCount "136"]
[EventDate "2019.??.??"]
[WhiteTeam "Bordeaux ASPOM Echecs"]
[BlackTeam "Poitiers-Migne Echecs"]

1. e4 g6 2. d4 d6 3. Be3 Nd7 4. Bc4 Ngf6 5. f3 c6 6. Ne2 Bg7 7. Qd2 b5 8. Bd3
Nb6 9. O-O O-O 10. Na3 a5 11. c3 Ba6 12. b3 Nfd7 13. Rac1 b4 14. Nb1 c5 15. c4
a4 16. Bh6 axb3 17. axb3 Bxh6 18. Qxh6 cxd4 19. Nxd4 Nc5 20. Bc2 Nxc4 21. bxc4
Bxc4 22. Rf2 e5 23. Nc6 Qb6 24. Ne7+ Kh8 25. Qe3 Qb7 26. Nd5 Bxd5 27. exd5 b3
28. Bd3 b2 29. Re1 Qxd5 30. Be4 Nxe4 31. fxe4 Qb7 32. Qd2 Ra4 33. Qxd6 Re8 34.
Qd2 Rxe4 35. Rxe4 Qxe4 36. Qxb2 Rd8 37. Rf1 Rc8 38. Qf2 f5 39. Nd2 Qd3 40. Nf3
Re8 41. Qd2 Qxd2 42. Nxd2 Kg7 43. Kf2 Kf6 44. Rb1 Re6 45. Ke3 Rc6 46. Rb3 g5
47. Rd3 h5 48. h3 h4 49. Rd8 Rc3+ 50. Ke2 Rg3 51. Kf2 g4 52. hxg4 Rxg4 53. Rf8+
Kg5 54. Nf3+ Kf4 55. Rh8 e4 56. Nxh4 Rg5 57. g3+ Ke5 58. Ng2 Rg7 59. Re8+ Kd4
60. Nf4 Ra7 61. Ne2+ Kd3 62. Rd8+ Kc4 63. Rd2 Ra3 64. Rc2+ Kd3 65. Rc5 e3+ 66.
Kf3 Ra2 67. Rd5+ Kc4 68. Rxf5 Ra3 1-0

[Event "Rochefort Accession 2019"]
[Site "Palais des CongrÃ¨s"]
[Date "2019.02.20"]
[Round "5.2"]
[White "Diez, Ambre"]
[Black "Delabbey, Florian"]
[Result "1/2-1/2"]
[WhiteElo "1743"]
[BlackElo "1902"]
[PlyCount "63"]
[EventDate "2019.??.??"]
[WhiteTeam "AGJA-Echiquier Aquitaine"]
[BlackTeam "Club d'Echecs de Marennes-Oleron"]

1. Nf3 d5 2. g3 Nf6 3. Bg2 Bg4 4. d4 Bxf3 5. exf3 e6 6. O-O Nbd7 7. c4 dxc4 8.
Qa4 c6 9. Qxc4 Nb6 10. Qd3 Be7 11. Nc3 O-O 12. Rd1 Nbd5 13. Be3 Qb6 14. Qe2
Rfd8 15. Rac1 Qa5 16. Qc4 Rac8 17. Ne4 Nxe4 18. fxe4 Nxe3 19. fxe3 Qg5 20. Qe2
h5 21. Rf1 h4 22. gxh4 Qxh4 23. Rf4 Qh6 24. Rcf1 Bg5 25. R4f3 e5 26. Rh3 Qg6
27. Rg3 exd4 28. exd4 Qh6 29. Rh3 Qg6 30. Rg3 Qh6 31. Rh3 Qg6 32. Rg3 1/2-1/2

[Event "Rochefort Accession 2019"]
[Site "Palais des CongrÃ¨s"]
[Date "2019.02.20"]
[Round "5.3"]
[White "Matei, Adrian"]
[Black "Louassier, Cedric"]
[Result "0-1"]
[WhiteElo "1927"]
[BlackElo "1670"]
[PlyCount "82"]
[EventDate "2019.??.??"]
[BlackTeam "Echiquier Surgerien"]

1. e4 c5 2. Nf3 d6 3. d4 cxd4 4. Nxd4 Nf6 5. Nc3 a6 6. Be3 b5 7. Be2 e5 8. Nb3
Bb7 9. f3 Be7 10. Qd2 O-O 11. O-O-O Nbd7 12. g4 Nb6 13. g5 b4 14. gxf6 bxc3 15.
Qxc3 Bxf6 16. Qb4 Bg5 17. Bxg5 Qxg5+ 18. Kb1 Qe3 19. Rxd6 Qxe2 20. Rxb6 Qxf3
21. Re1 Bc8 22. Qd2 Bg4 23. Rd6 Rfc8 24. Rd3 Qf6 25. Qg2 Bh5 26. Rf1 Qc6 27.
Rc3 Qb5 28. Rg1 Bg6 29. Rxc8+ Rxc8 30. h4 h5 31. Rd1 Qc4 32. Re1 Rd8 33. Nc1
Rd4 34. b3 Qb4 35. Re2 Bxe4 36. Qg3 Rd2 37. Rxe4 Qxe4 38. Nd3 Qg4 39. Qxg4 hxg4
40. Nxe5 g3 41. Kc1 g2 0-1